[Event "Roquetas de Mar op 35th"]
[Site "Roquetas de Mar"]
[Date "2024.01.04"]
[Round "5"]
[White "Raczek, Krzysztof"]
[Black "Navarro Martinez, Victor"]
[Result "1-0"]
[WhiteElo "2347"]
[BlackElo "2124"]
[PlyCount "63"]
[EventDate "2024.01.02"]
[EventType "swiss"]
[EventRounds "9"]
[EventCountry "ESP"]
[SourceTitle "CB02_2024"]
[SourceDate "2024.01.10"]
[SourceVersion "1"]
[SourceVersionDate "2024.01.10"]
[SourceQuality "1"]

1. c4 e6 2. Nc3 d5 3. e3 Nf6 4. Nf3 Bd6 5. b3 0-0 6. Bb2 c6 7. Rc1 Re8 8. Qc2 e5 9. cxd5 cxd5 10. Nb5 Nc6 11. Nxd6 Qxd6 12. d4 e4 13. Ne5 Bd7 14. Qd2 Rac8 15. Be2 Ne7 16. 0-0 a6 17. Qa5 Qe6 18. Qb4 b5 19. Qa5 Nc6 20. Nxc6 Rxc6 21. Rc5 Rxc5 22. dxc5 Qc6 23. Rc1 Bg4 24. Bf1 Nd7 25. a4 Rb8 26. axb5 axb5 27. Bd4 Be6 28. Ra1 h6 29. Qa7 Kh7 30. b4 Kg8 31. Ra6 Qc8 32. c6 1-0

[Event "ESP-ch Rapid"]
[Site "Linares"]
[Date "2023.08.19"]
[Round "6"]
[White "Perez Manas, Benjamin"]
[Black "Navarro Martinez, Victor"]
[Result "1-0"]
[WhiteElo "2210"]
[BlackElo "2228"]
[PlyCount "77"]
[EventDate "2023.08.19"]
[EventType "swiss (rapid)"]
[EventRounds "10"]
[EventCountry "ESP"]
[SourceTitle "CBM 215 Extra"]
[Source "ChessBase"]
[SourceDate "2023.09.30"]
[SourceVersion "1"]
[SourceVersionDate "2023.09.30"]
[SourceQuality "1"]

1. e4 e5 2. Nf3 Nc6 3. Bb5 a6 4. Ba4 Nf6 5. d3 Bc5 6. Nc3 h6 7. Be3 Bxe3 8. fxe3 d6 9. 0-0 b5 10. Bb3 Na5 11. Qe1 0-0 12. Nh4 c5 13. Nd5 Ne8 14. Nf5 Bxf5 15. Rxf5 Nxb3 16. axb3 Nc7 17. Nxc7 Qxc7 18. Ra5 Kh7 19. Qa1 Qb7 20. Qa3 g6 21. Rf1 f5 22. exf5 gxf5 23. b4 Rg8 24. Rf2 c4 25. dxc4 bxc4 26. Qc3 Rac8 27. Qd2 d5 28. Rxd5 Rg7 29. Rxf5 Rcg8 30. Rf2 a5 31. Rxa5 Rd7 32. Qe2 Qxb4 33. Ra1 Qxb2 34. Rd1 Rgd8 35. Rxd7+ Rxd7 36. h3 c3 37. Qg4 Rg7 38. Qe4+ Kh8 39. Rf8+ 1-0

[Event "Merida World Heritage op 3rd"]
[Site "Merida"]
[Date "2023.08.05"]
[Round "9"]
[White "Navarro Martinez, Victor"]
[Black "Panelo Munoz, Marcelo A"]
[Result "0-1"]
[WhiteElo "2073"]
[BlackElo "2366"]
[PlyCount "130"]
[EventDate "2023.07.31"]
[EventType "swiss"]
[EventRounds "9"]
[EventCountry "ESP"]
[SourceTitle "CBM 215 Extra"]
[Source "ChessBase"]
[SourceDate "2023.09.30"]
[SourceVersion "1"]
[SourceVersionDate "2023.09.30"]
[SourceQuality "1"]

1. e4 c5 2. Nf3 d6 3. d4 Nf6 4. Nc3 cxd4 5. Nxd4 a6 6. Be3 e5 7. Nb3 Be6 8. f3 Be7 9. Qd2 0-0 10. 0-0-0 Qc7 11. g4 Rc8 12. Kb1 d5 13. exd5 Nxd5 14. Nxd5 Bxd5 15. Qf2 Qc6 16. Na5 Bxa2+ 17. Kxa2 Qa4+ 18. Kb1 Qxa5 19. Bd3 Qa4 20. Bf5 Rf8 21. f4 Nc6 22. c3 Rad8 23. Bc2 Qb5 24. f5 Na5 25. f6 Bxf6 26. Qf5 e4 27. Rxd8 Rxd8 28. Qxb5 axb5 29. Bb6 Ra8 30. Bxa5 Rxa5 31. Re1 Kf8 32. Rxe4 Be7 33. Re5 b6 34. b4 Ra3 35. Kb2 Bf6 36. Re3 Ra8 37. Bd3 Rd8 38. Bxb5 g6 39. Rd3 Rc8 40. Kb3 Be5 41. h3 Rc7 42. c4 Ke7 43. Rd5 Bd6 44. h4 Ke6 45. h5 f6 46. Be8 Rc8 47. Bb5 Ra8 48. Rd1 Rc8 49. Re1+ Be5 50. Rd1 Rc7 51. hxg6 hxg6 52. Be8 f5 53. Bxg6 fxg4 54. Rg1 g3 55. Be4 Rg7 56. Rg2 Bd4 57. Ka4 Bf2 58. Kb5 Kd6 59. Ka4 Ke5 60. Bc6 Ra7+ 61. Kb3 Kd4 62. c5 Rc7 63. Bf3 bxc5 64. bxc5 Rxc5 65. Ba8 Rc8 0-1

[Event "ESP-ch U14"]
[Site "Salobrena"]
[Date "2023.07.21"]
[Round "7"]
[White "Sierra Vallina, Lionel"]
[Black "Navarro Martinez, Victor"]
[Result "0-1"]
[WhiteElo "2165"]
[BlackElo "2073"]
[PlyCount "104"]
[EventDate "2023.07.17"]
[EventType "swiss"]
[EventRounds "9"]
[EventCountry "ESP"]
[SourceTitle "EXT 2024"]
[Source "ChessBase"]
[SourceDate "2023.10.10"]
[SourceVersion "1"]
[SourceVersionDate "2023.10.10"]
[SourceQuality "1"]

1. e4 e5 2. Nf3 Nc6 3. Bc4 Nf6 4. d3 Bc5 5. Be3 Bxe3 6. fxe3 Qe7 7. a4 Qb4+ 8. Nc3 a6 9. 0-0 0-0 10. Nh4 Ne7 11. Qf3 Qxb2 12. Ne2 d5 13. exd5 Bg4 14. Qf2 Nexd5 15. Ng3 Qb6 16. Rae1 Ne7 17. h3 Be6 18. Rb1 Qc6 19. Nf3 Ng6 20. Bxe6 fxe6 21. e4 Nd7 22. Qd2 a5 23. d4 exd4 24. Nxd4 Qd6 25. Qe3 b6 26. Nge2 Nc5 27. Nc3 Rxf1+ 28. Rxf1 Rf8 29. Rxf8+ Qxf8 30. Ncb5 Qd8 31. Qf3 Qd7 32. Qg3 e5 33. Nf5 Qd1+ 34. Kh2 Qxc2 35. Qg5 Ne6 36. Qg4 Nef4 37. Qf3 c6 38. Nbd6 c5 39. h4 h5 40. Ne8 c4 41. Nexg7 Qxg2+ 42. Qxg2 Nxg2 43. Nxh5 c3 44. Nhg3 N6f4 45. Ne7+ Kf7 46. Nc6 c2 47. Nxe5+ Ke6 48. Nd3 Nxd3 49. Ne2 Nge1 50. h5 c1Q 51. Nxc1 Nxc1 52. h6 Kf7 0-1

[Event "Roquetas de Mar op 34th"]
[Site "Roquetas de Mar"]
[Date "2023.01.03"]
[Round "1"]
[White "Bernabeu Lopez, Carlos Javier"]
[Black "Navarro Martinez, Victor"]
[Result "1-0"]
[WhiteElo "2425"]
[BlackElo "2004"]
[PlyCount "47"]
[EventDate "2023.01.03"]
[EventType "swiss"]
[EventRounds "9"]
[EventCountry "ESP"]
[SourceTitle "CBM 212 Extra"]
[Source "ChessBase"]
[SourceDate "2023.03.31"]
[SourceVersion "1"]
[SourceVersionDate "2023.03.31"]
[SourceQuality "1"]

1. e4 e5 2. Nf3 Nc6 3. Bb5 a6 4. Ba4 Bc5 5. 0-0 Nge7 6. c3 Ng6 7. d4 Ba7 8. Bb3 0-0 9. Bg5 Qe8 10. d5 Na5 11. Bc2 f6 12. Be3 d6 13. Nbd2 Bxe3 14. fxe3 b6 15. b4 Nb7 16. a3 f5 17. exf5 Bxf5 18. Ng5 Qd7 19. Qh5 h6 20. Rxf5 Rxf5 21. Qxg6 Rxg5 22. Qh7+ Kf7 23. Rf1+ Ke7 24. Bg6 1-0

[Event "Merida World Heritage op 2nd"]
[Site "Merida"]
[Date "2022.08.06"]
[Round "8"]
[White "Lopez Gonzalez, Alfonso"]
[Black "Navarro Martinez, Victor"]
[Result "1-0"]
[WhiteElo "2261"]
[BlackElo "1857"]
[PlyCount "75"]
[EventDate "2022.08.02"]
[EventType "swiss"]
[EventRounds "9"]
[EventCountry "ESP"]
[SourceTitle "CBM 209 Extra"]
[Source "ChessBase"]
[SourceDate "2022.09.30"]
[SourceVersion "1"]
[SourceVersionDate "2022.09.30"]
[SourceQuality "1"]

1. d4 d5 2. c4 e6 3. Nc3 Nf6 4. Bg5 Be7 5. cxd5 exd5 6. Qc2 c6 7. e3 0-0 8. Bd3 Nbd7 9. Nf3 Re8 10. 0-0 g6 11. Rab1 Nh5 12. Bxe7 Qxe7 13. b4 a6 14. a4 Nb6 15. a5 Nd7 16. Na4 f5 17. Nc5 Nhf6 18. Nd2 Ne4 19. Rbe1 Ndf6 20. f3 Nxd2 21. Qxd2 Be6 22. e4 dxe4 23. fxe4 fxe4 24. Bxe4 Qf7 25. Qg5 Rf8 26. Bxg6 Qxg6 27. Qxg6+ hxg6 28. Nxe6 Rf7 29. Ng5 Rff8 30. Re6 Kg7 31. Rd6 Kh6 32. Ne6 Ne4 33. Rd7 Rxf1+ 34. Kxf1 Nd2+ 35. Ke2 Nc4 36. Kd3 Nb2+ 37. Kc3 Nd1+ 38. Kd2 1-0

[Event "Merida World Heritage op 2nd"]
[Site "Merida"]
[Date "2022.08.02"]
[Round "1"]
[White "Navarro Martinez, Victor"]
[Black "Pantiga Aguilar, Alejandro"]
[Result "1-0"]
[WhiteElo "1857"]
[BlackElo "1082"]
[PlyCount "39"]
[EventDate "2022.08.02"]
[EventType "swiss"]
[EventRounds "9"]
[EventCountry "ESP"]
[SourceTitle "EXT 2023"]
[Source "ChessBase"]
[SourceDate "2022.10.05"]
[SourceVersion "1"]
[SourceVersionDate "2022.10.05"]
[SourceQuality "1"]

1. e4 e6 2. d4 d5 3. Nd2 Nf6 4. e5 Nfd7 5. Bd3 c5 6. c3 Nc6 7. Ne2 Qb6 8. 0-0 cxd4 9. cxd4 Nxd4 10. Nxd4 Qxd4 11. Nf3 Qb6 12. Qa4 Bc5 13. Qg4 g6 14. Bh6 Qc7 15. Rac1 Qb8 16. Qf4 Qc7 17. b4 b6 18. Ng5 Nxe5 19. Bg7 Nxd3 20. Qxc7 1-0

[Event "Figueira da Foz op 15th"]
[Site "Figueira da Foz"]
[Date "2021.11.01"]
[Round "2"]
[White "Kulon, Klaudia"]
[Black "Navarro Martinez, Victor"]
[Result "1-0"]
[WhiteElo "2328"]
[BlackElo "2035"]
[PlyCount "93"]
[EventDate "2021.10.31"]
[EventType "swiss"]
[EventRounds "9"]
[EventCountry "POR"]
[SourceTitle "CBM 205 Extra"]
[Source "ChessBase"]
[SourceDate "2022.01.31"]
[SourceVersion "1"]
[SourceVersionDate "2022.01.31"]
[SourceQuality "1"]

1. c4 e6 2. g3 d5 3. Bg2 Nf6 4. Nf3 Be7 5. 0-0 0-0 6. d4 dxc4 7. Qc2 a6 8. Qxc4 b5 9. Qc2 Bb7 10. Bd2 Be4 11. Qc1 Bb7 12. Rd1 Nbd7 13. Ba5 Nb6 14. Nbd2 Qd6 15. b4 Ne4 16. e3 Nxd2 17. Nxd2 Bxg2 18. Kxg2 Qd5+ 19. Kg1 Bd6 20. Qc2 h5 21. Rdc1 h4 22. Qc6 hxg3 23. hxg3 Nc4 24. Qxd5 exd5 25. Nxc4 bxc4 26. e4 c6 27. e5 Be7 28. f4 Bd8 29. Rab1 Rb8 30. Bxd8 Rfxd8 31. Kf2 Rd7 32. Rb2 a5 33. a3 axb4 34. axb4 Ra7 35. Rcb1 Rb5 36. Kf3 Ra3+ 37. Kg4 Kf8 38. Rh2 Rb3 39. Ra1 R5xb4 40. Ra8+ Ke7 41. Rhh8 Rb7 42. Rad8 f5+ 43. Kxf5 g6+ 44. Kxg6 Rxg3+ 45. Kf5 Re3 46. Ra8 c3 47. Rh7# 1-0

[Event "Merida World Heritage op 1st"]
[Site "Merida"]
[Date "2021.08.06"]
[Round "4"]
[White "Draghici Flutur, Gavril"]
[Black "Navarro Martinez, Victor"]
[Result "0-1"]
[WhiteElo "2072"]
[BlackElo "1881"]
[PlyCount "50"]
[EventDate "2021.08.04"]
[EventType "swiss"]
[EventRounds "9"]
[EventCountry "ESP"]
[SourceTitle "EXT 2023"]
[Source "ChessBase"]
[SourceDate "2022.10.05"]
[SourceVersion "1"]
[SourceVersionDate "2022.10.05"]
[SourceQuality "1"]

1. e4 c5 2. Nf3 g6 3. c3 Bg7 4. d4 cxd4 5. cxd4 d5 6. e5 Bg4 7. Bb5+ Nc6 8. Bxc6+ bxc6 9. Nbd2 Nh6 10. 0-0 0-0 11. h3 Bxf3 12. Nxf3 Qb6 13. b3 c5 14. Ba3 cxd4 15. Bxe7 Rfe8 16. Ba3 Bxe5 17. Nxe5 Rxe5 18. Bb2 Nf5 19. Qd3 Rae8 20. Rfd1 Re2 21. Rd2 Re1+ 22. Rxe1 Rxe1+ 23. Kh2 Ne3 24. fxe3 Qd6+ 25. g3 Rxe3 0-1

[Event "ESP-ch U12"]
[Site "Salobrena"]
[Date "2021.07.08"]
[Round "6"]
[White "Navarro Martinez, Victor"]
[Black "Jove Albaiges, Guillem"]
[Result "1-0"]
[WhiteElo "1850"]
[BlackElo "1492"]
[PlyCount "59"]
[EventDate "2021.07.05"]
[EventType "swiss"]
[EventRounds "9"]
[EventCountry "ESP"]
[SourceTitle "EXT 2022"]
[Source "ChessBase"]
[SourceDate "2021.10.06"]
[SourceVersion "1"]
[SourceVersionDate "2021.10.06"]
[SourceQuality "1"]

1. e4 c5 2. Nf3 d6 3. d4 cxd4 4. Nxd4 Nf6 5. f3 g6 6. c4 Bg7 7. Nc3 Nc6 8. Be3 0-0 9. Be2 Bd7 10. 0-0 Rc8 11. Qd2 Ne5 12. b3 Re8 13. Rac1 Qa5 14. a3 Bc6 15. b4 Qd8 16. Nd5 Bxd5 17. cxd5 Rxc1 18. Rxc1 Qa8 19. Nb5 Rc8 20. Nxa7 Rxc1+ 21. Qxc1 Kf8 22. Nc8 Ned7 23. Qc7 Qxa3 24. Qd8+ Ne8 25. Qxe7+ Kg8 26. Qxe8+ Nf8 27. Ne7+ Kh8 28. Kf2 Qxb4 29. Qxf7 Qb2 30. Qg8# 1-0

[Event "Coin op"]
[Site "Coin"]
[Date "2021.04.02"]
[Round "4"]
[White "Garcia Fernandez, Victor"]
[Black "Navarro Martinez, Victor"]
[Result "1/2-1/2"]
[WhiteElo "2009"]
[BlackElo "1710"]
[PlyCount "83"]
[EventDate "2021.04.01"]
[EventType "swiss"]
[EventRounds "7"]
[EventCountry "ESP"]
[SourceTitle "EXT 2022"]
[Source "ChessBase"]
[SourceDate "2021.10.06"]
[SourceVersion "1"]
[SourceVersionDate "2021.10.06"]
[SourceQuality "1"]

1. d4 d5 2. c4 e6 3. Nc3 Be7 4. cxd5 exd5 5. Bf4 c6 6. e3 Nf6 7. Bd3 0-0 8. h3 Re8 9. Nf3 Na6 10. a3 Nc7 11. Qc2 Ne6 12. Be5 Bd6 13. 0-0 g6 14. b4 a6 15. Rab1 Ng7 16. a4 Bxe5 17. Nxe5 Bf5 18. b5 axb5 19. axb5 c5 20. Na4 c4 21. Bxf5 Nxf5 22. Ra1 Ne4 23. Ra2 f6 24. Nf3 b6 25. Nd2 Nxd2 26. Qxd2 Nd6 27. Nc3 Rxa2 28. Qxa2 Ne4 29. Nxe4 Rxe4 30. Ra1 Re7 31. Qa3 Rc7 32. Qc3 Qd7 33. Rb1 Ra7 34. e4 Ra5 35. Qb4 Kf7 36. exd5 Qxd5 37. Re1 Ra7 38. Qb2 Re7 39. Ra1 Rd7 40. Rd1 Rc7 41. Rc1 Rd7 42. Rd1 1/2-1/2

[Event "Rutas de Cuenca op 6th"]
[Site "Cuenca"]
[Date "2019.07.21"]
[Round "7"]
[White "Donadio Falcon, Pablo"]
[Black "Navarro Martinez, Victor"]
[Result "1-0"]
[WhiteElo "1927"]
[BlackElo "1543"]
[PlyCount "49"]
[EventDate "2019.07.19"]
[EventType "swiss"]
[EventRounds "7"]
[EventCountry "ESP"]
[SourceTitle "CBM 195 Extra"]
[Source "ChessBase"]
[SourceDate "2020.05.31"]
[SourceVersion "1"]
[SourceVersionDate "2020.05.31"]
[SourceQuality "1"]

1. e4 c5 2. Nf3 Nc6 3. d4 cxd4 4. Nxd4 g6 5. Nc3 Bg7 6. Be3 Nf6 7. Bc4 Qa5 8. f3 Qb4 9. Nxc6 Qxb2 10. Bd4 bxc6 11. Nd5 Qb8 12. Rb1 Bb7 13. Nxf6+ Bxf6 14. Bxf6 exf6 15. Ba6 Bxa6 16. Rxb8+ Rxb8 17. Kf2 Rb2 18. Kg3 0-0 19. h4 Kg7 20. h5 g5 21. h6+ Kg8 22. Qd6 Rfb8 23. Qxf6 Kf8 24. Qxg5 R8b5 25. Qd8# 1-0

[Event "Rutas de Cuenca op 6th"]
[Site "Cuenca"]
[Date "2019.07.21"]
[Round "6"]
[White "Navarro Martinez, Victor"]
[Black "Sanchez Carrasco, Francesco Javier"]
[Result "0-1"]
[WhiteElo "1543"]
[BlackElo "2034"]
[PlyCount "62"]
[EventDate "2019.07.19"]
[EventType "swiss"]
[EventRounds "7"]
[EventCountry "ESP"]
[SourceTitle "CBM 195 Extra"]
[Source "ChessBase"]
[SourceDate "2020.05.31"]
[SourceVersion "1"]
[SourceVersionDate "2020.05.31"]
[SourceQuality "1"]

1. e4 c5 2. Nf3 e6 3. c4 Nc6 4. Be2 a6 5. 0-0 Qc7 6. d4 cxd4 7. Nxd4 Bd6 8. h3 Nf6 9. Nc3 Nxd4 10. Qxd4 Bc5 11. Qd3 0-0 12. Kh1 b6 13. Bg5 Ne8 14. a3 f6 15. Be3 Bb7 16. Rad1 Bxe3 17. Qxe3 Rb8 18. f4 g6 19. e5 Ng7 20. Bd3 fxe5 21. fxe5 Nf5 22. Bxf5 gxf5 23. Qg5+ Kh8 24. Rd6 Rf7 25. Rfd1 Rg8 26. Qh6 Rxg2 27. Nd5 Rg6 28. Qh4 Rfg7 29. b3 exd5 30. Rxg6 Rxg6 31. cxd5 Bxd5+ 0-1

[Event "Guimaraes 2nd"]
[Site "Guimaraes"]
[Date "2018.10.07"]
[Round "7"]
[White "Navarro Martinez, Victor"]
[Black "Santos, Jose Guilherme B Li"]
[Result "0-1"]
[WhiteElo "1505"]
[BlackElo "2108"]
[PlyCount "78"]
[EventDate "2018.10.04"]
[EventType "swiss"]
[EventRounds "7"]
[EventCountry "POR"]
[SourceTitle "CBM 186 Extra"]
[Source "ChessBase"]
[SourceDate "2018.08.24"]
[SourceVersion "1"]
[SourceVersionDate "2018.08.24"]
[SourceQuality "1"]

1. e4 c5 2. Nf3 d6 3. d4 cxd4 4. Nxd4 Nf6 5. Nc3 a6 6. Be3 e5 7. Nf3 Qc7 8. Be2 Be7 9. 0-0 b5 10. a4 b4 11. Nd5 Nxd5 12. exd5 Nd7 13. a5 0-0 14. Qd2 Bb7 15. b3 f5 16. Qxb4 Bxd5 17. Rad1 Rab8 18. Qa4 Be6 19. Ng5 Bxg5 20. Bxg5 Nc5 21. Qa2 d5 22. Bc1 Rfd8 23. Ba3 d4 24. Bxc5 Qxc5 25. Ra1 Qc6 26. Rfe1 Rbc8 27. Bxa6 Qxa6 28. Rxe5 Rd6 29. Rae1 g6 30. Qa4 Bd7 31. Qa2 Qc6 32. b4+ Qc4 33. Qxc4+ Rxc4 34. b5 Rxc2 35. b6 d3 36. Kf1 d2 37. Rd1 Rc1 38. Ke2 Rxd1 39. Kxd1 Ba4+ 0-1